000 00985cam a22002415i 4500
999 _c8698
_d8698
001 21941397
003 GZU
005 20210524101618.0
008 210312s2018 sa 000 0 eng
010 _a 2020500072
020 _a9780798305204
040 _aDLC
_beng
_cDLC
_erda
042 _apcc
245 0 0 _aInclusive Development in Africa :
_bTransformation of Global Relations /
_cVusi Gumede (ed.).
264 1 _aPretoria, South Africa :
_bAfrica Institute of South Africa,
_c2018.
300 _axvi, 301 pages ;
_c24 cm
336 _atext
_btxt
_2rdacontent
337 _aunmediated
_bn
_2rdamedia
338 _avolume
_bnc
_2rdacarrier
906 _a0
_bibc
_corignew
_d3
_encip
_f20
_gy-gencatlg
942 _2lcc
_cBK
_h800
_iINC
_kHC
_m2018